000 01290cam a22002771i 4500
003 SA-RiAUC
005 20260123130711.0
008 260119s1978____su g 001 0 ara c
040 _aSA-JeALM
_bara
_cSA-RiAUC
_erda
041 1 _aara
_hund
050 4 _bM37125 1978
082 0 4 _a237.7
_qSA-RiAUC
090 _a237.7
_bم ش ا
100 1 _aالمشاط، حسن بن محمد،
_d1319-1399 هجري
_eمؤلف.
245 1 0 _aهذه أربعون حديثا في الترغيب والترهيب محلاة خاتمتها بحديث الحسنين في بعض الشمائل المحمدية /
_cحسن بن محمد المشاط .
246 3 _a40 حديثا في الترغيب والترهيب محلاة خاتمتها بحديث الحسنين في بعض الشمائل المحمدية
264 1 _aمكة المكرمة :
_bمطبعة النور ،
_c[بين 1900 و1999]
300 _a59 صفحة ؛
_c18 سم
336 _aنص
_btxt
_2rdacontent
_3كتاب
337 _aبدون وسيط
_bn
_2rdamedia
650 7 _aالحديث
_xالأربعون حديثا
_2aucsh
650 7 _aالحديث
_xجوامع الفنون
_2aucsh
650 7 _aأخلاق الرسول في الحديث
_2aucsh
942 _2ddc
_cBOOK
_n0
949 _aSA-JeALM
_d260119
_uosman123
_n1
999 _c14126
_d14126